বাংলা গানের জগৎ / (Record no. 47858)
[ view plain ]
| 000 -LEADER | |
|---|---|
| fixed length control field | 00841nam a2200229 a 4500 |
| 001 - CONTROL NUMBER | |
| control field | 47858 |
| 003 - CONTROL NUMBER IDENTIFIER | |
| rucl marc code | BD-RjUL |
| 005 - DATE AND TIME OF LATEST TRANSACTION | |
| control field | 20211209054416.0 |
| 008 - FIXED-LENGTH DATA ELEMENTS--GENERAL INFORMATION | |
| fixed length control field | 160810s1991 ii ||||| |||| 00| 0 ben d |
| 020 ## - INTERNATIONAL STANDARD BOOK NUMBER | |
| Terms of availability | : Tk. 50.00 |
| 035 ## - SYSTEM CONTROL NUMBER | |
| System control number | (BD-RjUL)47977 |
| 040 ## - CATALOGING SOURCE | |
| Original cataloging agency | BD-RjUL |
| Language of cataloging | ben |
| Transcribing agency | BD-RjUL |
| 041 ## - LANGUAGE CODE | |
| Language code of text/sound track or separate title | ben |
| 082 ## - DEWEY DECIMAL CLASSIFICATION NUMBER | |
| Classification number | 781.75409 |
| Author mark and year | CHB 1991 |
| 100 ## - MAIN ENTRY--PERSONAL NAME | |
| Personal name | চৌধুরী, নারায়ণ |
| 9 (RLIN) | 118342 |
| 245 10 - TITLE STATEMENT | |
| Title | বাংলা গানের জগৎ / |
| Statement of responsibility, etc. | নারায়ণ চৌধুরী |
| 260 ## - PUBLICATION, DISTRIBUTION, ETC. (IMPRINT) | |
| Place of publication, distribution, etc. | কলিকাতা : |
| Name of publisher, distributor, etc. | ফার্মা কেএলএম, |
| Date of publication, distribution, etc. | ১৯৯১ |
| 300 ## - PHYSICAL DESCRIPTION | |
| Pagination | [৮], ৯৯ পৃ. ; |
| Size | ২০ সেমি. |
| 650 ## - SUBJECT ADDED ENTRY--TOPICAL TERM | |
| Topical term or geographic name as entry element | সংগীত |
| Geographic subdivision | ভারত |
| Chronological subdivision | ইতিহাস ও সমালোচনা |
| 9 (RLIN) | 145270 |
| Topical term or geographic name as entry element | Music |
| Geographic subdivision | India |
| General subdivision | History and criticism |
| 9 (RLIN) | 145271 |
| 942 ## - ADDED ENTRY ELEMENTS (KOHA) | |
| Source of classification or shelving scheme | Dewey Decimal Classification |
| Koha item type | Books |
| Lost status | Source of classification or shelving scheme | Damaged status | Not for loan | Collection code | Permanent Location | Current Location | Shelving location | Date acquired | Source of acquisition | Cost, normal purchase price | Total Checkouts | Full call number | Date last seen | Copy number | Koha item type |
|---|---|---|---|---|---|---|---|---|---|---|---|---|---|---|---|
| Dewey Decimal Classification | Non-fiction | Central Library, University of Rajshahi | Central Library, University of Rajshahi | 15/07/2008 | Paragogn Enterprise, Dhaka | 50.00 | B 781.75409 CHB 1991 | 10/08/2016 | C-2 | Books | |||||
| Dewey Decimal Classification | Non-fiction | Central Library, University of Rajshahi | Central Library, University of Rajshahi | 15/07/2008 | Paragogn Enterprise, Dhaka | 50.00 | B 781.75409 CHB 1991 | 10/08/2016 | C-3 | Books | |||||
| Dewey Decimal Classification | Non-fiction | Central Library, University of Rajshahi | Central Library, University of Rajshahi | 15/07/2008 | Dhaka,Paragon Enterprise Lit., | 50.00 | B 781.75409 CHB 1991 | 23/11/2016 | C-4 | Books | |||||
| Dewey Decimal Classification | Not For Loan | Non-fiction | Central Library, University of Rajshahi | Central Library, University of Rajshahi | Reading Room | 28/07/2005 | Indian High Commision, Dhaka. | 50.00 | B 781.75409 CHB 1991 | 07/05/2017 | C-1 | Books | |||
| Dewey Decimal Classification | Non-fiction | Central Library, University of Rajshahi | Central Library, University of Rajshahi | General Stacks | 15/07/2008 | Paragon Enter prise | 50.00 | B 781.75409 CHB 1991 | 10/04/2025 | C-5 | Books |